| 000 | 00742nam a2200229 a 4500 | ||
|---|---|---|---|
| 005 | 20230316063603.0 | ||
| 008 | 140401s2003 es r 000 0 spa d | ||
| 020 | _a8478646930 | ||
| 035 | _aUPN01000196730 | ||
| 049 | _aI | ||
| 050 | 4 |
_aPZ10.3 _bF6.7 2003 |
|
| 100 | 1 |
_aFox, Christyan _935436 |
|
| 245 | 1 | 1 |
_a¡Ratón, que te pilla el gato! / _cChristyan y Diane Fox ; [tr.] E. Hernández. |
| 250 | _a2a ed. | ||
| 260 |
_aBarcelona [Esp.] : _bCombel, _c2003. |
||
| 300 |
_a[19] p. : _bprincipalmente il. col. |
||
| 534 |
_pTítulo original : _tCat and mouse the hole story |
||
| 650 | 4 |
_aCuentos infantiles ingleses _910002 |
|
| 650 | 0 |
_aAnimales _vCuentos y leyendas _9234 |
|
| 700 | 1 |
_aFox, Diane, _ecoaut. _935437 |
|
| 905 | _aInfantil | ||
| 999 |
_c168831 _d168831 |
||